Contemporary marketing / (Record no. 27804)

000 -LEADER
fixed length control field 01295cam a22003135a 4500
001 - CONTROL NUMBER
control field 14717641
003 - CONTROL NUMBER IDENTIFIER
control field OSt
005 - DATE AND TIME OF LATEST TRANSACTION
control field 20170210150724.0
008 - FIXED-LENGTH DATA ELEMENTS--GENERAL INFORMATION
fixed length control field 070130s2007 ohu 000 0 eng
020 ## - INTERNATIONAL STANDARD BOOK NUMBER
International Standard Book Number 9780324540529 (student ed.)
020 ## - INTERNATIONAL STANDARD BOOK NUMBER
International Standard Book Number 0324540523 (student ed.)
020 ## - INTERNATIONAL STANDARD BOOK NUMBER
International Standard Book Number 9780324359299 (student ed. with CD)
020 ## - INTERNATIONAL STANDARD BOOK NUMBER
International Standard Book Number 0324359292 (student ed. with CD)
020 ## - INTERNATIONAL STANDARD BOOK NUMBER
International Standard Book Number 9780324540512 (instructor's ed.)
020 ## - INTERNATIONAL STANDARD BOOK NUMBER
International Standard Book Number 0324540515 (instructor's ed.)
020 ## - INTERNATIONAL STANDARD BOOK NUMBER
International Standard Book Number 9780324641868 (instructor's ed. with CD)
020 ## - INTERNATIONAL STANDARD BOOK NUMBER
International Standard Book Number 0324641869 (instructor's ed. with CD)
040 ## - CATALOGING SOURCE
Original cataloging agency DLC
Transcribing agency DLC
100 1# - MAIN ENTRY--PERSONAL NAME
Personal name Boone, Louis E.
245 10 - TITLE STATEMENT
Title Contemporary marketing /
Statement of responsibility, etc. Louis E. Boone, David L. Kurtz.
250 ## - EDITION STATEMENT
Edition statement 12th ed.
260 ## - PUBLICATION, DISTRIBUTION, ETC. (IMPRINT)
Place of publication, distribution, etc. Mason, OH :
Name of publisher, distributor, etc. Thomson South-Western,
Date of publication, distribution, etc. 2007.
263 ## - PROJECTED PUBLICATION DATE
Projected publication date 0701
300 ## - PHYSICAL DESCRIPTION
Extent p. cm.
906 ## - LOCAL DATA ELEMENT F, LDF (RLIN)
a 0
b ibc
c orignew
d 3
e epcn
f 20
g y-gencatlg
942 ## - ADDED ENTRY ELEMENTS (KOHA)
Source of classification or shelving scheme
Koha item type Hard Covered Materials
Classification part HF 5415 .B66 2006
Holdings
Withdrawn status Lost status Source of classification or shelving scheme Damaged status Not for loan Home library Current library Shelving location Date acquired Source of acquisition Total Checkouts Full call number Barcode Date last seen Price effective from Koha item type
          MACHAKOS UNIVERSITY LIBRARY MACHAKOS UNIVERSITY LIBRARY Technical section 10/02/2017 Donation (BFA)   HF 5415 .B66 2006 35600 10/02/2017 10/02/2017 Hard Covered Materials
© Machakos University Library, Along The Highway, Machakos Wote Rd, Machakos, Kenya P.O. Box 136 - 90100 Machakos - Kenya

Tel: ( +254 ) 723 805829 OR Fax : 044-20353 OR Email: library@mksu.ac.ke